Normal view
MARC view
- Meram (Konya, Türkiye)
Entry Geographic Name
001 - CONTROL NUMBER
- control field: 123759
003 - CONTROL NUMBER IDENTIFIER
- control field: TR-AnTOB
005 - DATE AND TIME OF LATEST TRANSACTION
- control field: 20190131180856.0
008 - FIXED-LENGTH DATA ELEMENTS
- fixed length control field: 190131n|eazannaab| |n aaa d
040 ## - CATALOGING SOURCE
- Original cataloging agency: TR-AnTOB
151 ## - HEADING--GEOGRAPHIC NAME
- Geographic name: Meram (Konya, Türkiye)
451 ## - SEE FROM TRACING--GEOGRAPHIC NAME
- Geographic name: Meram (Konya, Turkey)
451 ## - SEE FROM TRACING--GEOGRAPHIC NAME
- Geographic name: Meram (Konya)
451 ## - SEE FROM TRACING--GEOGRAPHIC NAME
- Geographic name: Meram (Konya İli, Turkey)
688 ## - APPLICATION HISTORY NOTE
- Application history note: SA 31.01.2019



